[Event "Izhevsk Corporation Cup 6th"]
[Site "Izhevsk"]
[Date "2014.07.20"]
[Round "8"]
[White "Martynyuk, Elizaveta"]
[Black "Arzamastsev, Artur"]
[Result "1/2-1/2"]
[WhiteElo "2028"]
[BlackElo "2163"]
[PlyCount "98"]
[EventDate "2014.07.12"]
[EventType "swiss"]
[EventRounds "9"]
[EventCountry "RUS"]
[SourceTitle "CBM 161 Extra"]
[Source "ChessBase"]
[SourceDate "2014.08.29"]
[SourceVersion "1"]
[SourceVersionDate "2014.08.29"]
[SourceQuality "1"]

1. e4 d6 2. d4 Nf6 3. Nc3 Nbd7 4. Nf3 e5 5. Bc4 Be7 6. 0-0 0-0 7. Re1 c6 8. a4 a5 9. h3 exd4 10. Nxd4 Nc5 11. Bf4 Nfd7 12. Nf5 Ne5 13. Nxe7+ Qxe7 14. Ba2 Be6 15. Bxe6 fxe6 16. Bxe5 dxe5 17. Qe2 Rad8 18. Rad1 Rd4 19. b3 Rfd8 20. f3 Na6 21. Kh2 Nb4 22. Nb1 Qd6 23. Rxd4 exd4+ 24. e5 Qc5 25. Na3 d3 26. cxd3 Rxd3 27. Qb2 Rd5 28. Rc1 Qe3 29. Nc4 Qf4+ 30. g3 Qxf3 31. Rc3 Rd3 32. Rxd3 Nxd3 33. Qd2 h5 34. Qg2 Qd1 35. Nxa5 Nxe5 36. Qf2 b6 37. Nc4 Nf3+ 38. Kg2 Ne1+ 39. Kh2 Nd3 40. Qe3 e5 41. Nxb6 Qc2+ 42. Kg1 Qxb3 43. Nc8 Qd1+ 44. Kh2 Ne1 45. Qe4 Qd2+ 46. Kg1 Nd3 47. Qf3 Qe1+ 48. Kh2 Qd2+ 49. Kg1 Qe1+ 1/2-1/2

[Event "Izhevsk Corporation Cup 6th"]
[Site "Izhevsk"]
[Date "2014.07.19"]
[Round "7"]
[White "Arzamastsev, Artur"]
[Black "Ginosyan, Razmik"]
[Result "0-1"]
[WhiteElo "2163"]
[BlackElo "1998"]
[PlyCount "58"]
[EventDate "2014.07.12"]
[EventType "swiss"]
[EventRounds "9"]
[EventCountry "RUS"]
[SourceTitle "CBM 161 Extra"]
[Source "ChessBase"]
[SourceDate "2014.08.29"]
[SourceVersion "1"]
[SourceVersionDate "2014.08.29"]
[SourceQuality "1"]

1. d4 Nf6 2. c4 e6 3. Nf3 b6 4. a3 Bb7 5. Nc3 d5 6. cxd5 Nxd5 7. e3 Be7 8. Bb5+ c6 9. Bd3 0-0 10. e4 Nxc3 11. bxc3 c5 12. 0-0 Qc7 13. Qe2 Nd7 14. Bb2 Rac8 15. Rfe1 e5 16. Bb5 exd4 17. cxd4 cxd4 18. Nxd4 Bc5 19. Nf5 Ne5 20. Kh1 f6 21. Rac1 a6 22. Ba4 Rfd8 23. Bb3+ Kh8 24. Nd4 Qe7 25. Ne6 Nd3 26. Rxc5 bxc5 27. Rd1 Nxf2+ 28. Qxf2 Rxd1+ 29. Bxd1 Qxe6 0-1

[Event "Izhevsk Corporation Cup 6th"]
[Site "Izhevsk"]
[Date "2014.07.16"]
[Round "5"]
[White "Arzamastsev, Artur"]
[Black "Kozganbay, Erkin"]
[Result "1/2-1/2"]
[WhiteElo "2163"]
[BlackElo "2368"]
[PlyCount "155"]
[EventDate "2014.07.12"]
[EventType "swiss"]
[EventRounds "9"]
[EventCountry "RUS"]
[SourceTitle "CBM 161 Extra"]
[Source "ChessBase"]
[SourceDate "2014.08.29"]
[SourceVersion "1"]
[SourceVersionDate "2014.08.29"]
[SourceQuality "1"]

1. d4 Nf6 2. c4 e6 3. Nc3 Bb4 4. e3 0-0 5. Nge2 Re8 6. a3 Bf8 7. Ng3 d5 8. Be2 dxc4 9. Bxc4 c5 10. dxc5 Qxd1+ 11. Nxd1 Bxc5 12. b4 Be7 13. Bb2 Nbd7 14. Nc3 Nb6 15. Be2 Bd7 16. 0-0 Rec8 17. Rfc1 Nc4 18. Bxc4 Rxc4 19. Nce2 Rxc1+ 20. Rxc1 Kf8 21. Nd4 Bd6 22. Nb3 b6 23. Nf1 Ke7 24. Nfd2 Rc8 25. Rxc8 Bxc8 26. Nc4 Bc7 27. Be5 Bxe5 28. Nxe5 Bb7 29. Nd4 a6 30. f3 Nd7 31. Nd3 Kd6 32. Nb2 Ne5 33. Kf2 f5 34. Ke2 Bd5 35. g3 g5 36. f4 Nf7 37. Na4 Kc7 38. Nc3 Bc4+ 39. Kd2 gxf4 40. gxf4 Kd6 41. Na4 Kc7 42. Nc3 Nh6 43. h3 Nf7 44. Ke1 Nh8 45. Kf2 Ng6 46. Kg3 Kd6 47. Na4 Kc7 48. Nc3 a5 49. e4 axb4 50. axb4 fxe4 51. Nxe4 e5 52. fxe5 Nxe5 53. b5 Nf7 54. Kf4 Nd6 55. Nf6 Bd3 56. Nd5+ Kb7 57. Nc3 Nf7 58. Nd5 Bc4 59. Nf6 h6 60. h4 Kc7 61. Kf5 Kd6 62. Kg6 Kc5 63. Nf5 Kxb5 64. Nxh6 Nd6 65. Nd7 Ka5 66. Nxb6 Kxb6 67. Ng4 Kc5 68. Nf6 Bd3+ 69. Kg5 Kd4 70. Kf4 Nf7 71. h5 Bc2 72. Ng4 Kc5 73. Ne5 Nd8 74. Kg5 Kd6 75. Kf6 Ne6 76. h6 Nf4 77. Nf7+ Kd7 78. Ng5 1/2-1/2

[Event "Izhevsk Corporation Cup 5th"]
[Site "Izhevsk"]
[Date "2013.07.19"]
[Round "8"]
[White "Arzamastsev, Artur"]
[Black "Nasybullina, Alfia"]
[Result "0-1"]
[WhiteElo "2151"]
[BlackElo "2095"]
[PlyCount "82"]
[EventDate "2013.07.11"]
[EventType "swiss"]
[EventRounds "9"]
[EventCountry "RUS"]
[SourceTitle "EXT 2014"]
[Source "ChessBase"]
[SourceDate "2013.11.20"]
[SourceVersion "1"]
[SourceVersionDate "2013.11.20"]
[SourceQuality "1"]

1. d4 Nf6 2. c4 c5 3. d5 e6 4. Nc3 exd5 5. cxd5 d6 6. Nf3 Be7 7. g3 0-0 8. Bg2 Re8 9. 0-0 a6 10. a4 Nbd7 11. h3 b6 12. Nd2 Rb8 13. Nc4 Nf8 14. e4 Ng6 15. Re1 Ne5 16. Na3 Qc7 17. f4 Ng6 18. Nc4 b5 19. axb5 axb5 20. Nxd6 Bxd6 21. e5 Nxe5 22. fxe5 Bxe5 23. Rxe5 Rxe5 24. Bf4 Qe7 25. Qd2 Bd7 26. g4 b4 27. d6 Qe8 28. Bxe5 Qxe5 29. Nd5 Nxd5 30. Bxd5 Qg3+ 31. Bg2 c4 32. Qd5 c3 33. Ra8 Qe3+ 34. Kf1 Qe8 35. bxc3 bxc3 36. Rxb8 Qxb8 37. Be4 g6 38. Ke1 Qb6 39. Bc2 Bb5 40. Bd3 Qe3+ 41. Kd1 Qd2# 0-1

[Event "Izhevsk Corporation Cup 5th"]
[Site "Izhevsk"]
[Date "2013.07.17"]
[Round "6"]
[White "Arzamastsev, Artur"]
[Black "Gusarov, Aleksey"]
[Result "1/2-1/2"]
[WhiteElo "2151"]
[BlackElo "2003"]
[PlyCount "126"]
[EventDate "2013.07.11"]
[EventType "swiss"]
[EventRounds "9"]
[EventCountry "RUS"]
[SourceTitle "EXT 2014"]
[Source "ChessBase"]
[SourceDate "2013.11.20"]
[SourceVersion "1"]
[SourceVersionDate "2013.11.20"]
[SourceQuality "1"]

1. Nf3 Nf6 2. c4 e6 3. Nc3 d5 4. e3 Be7 5. d4 0-0 6. Qc2 b6 7. cxd5 exd5 8. Be2 Ba6 9. 0-0 Bxe2 10. Nxe2 Nbd7 11. Qc6 Rc8 12. Bd2 Nb8 13. Qa4 a6 14. Rfd1 Ne4 15. Rac1 Qd6 16. a3 Rfd8 17. Bb4 Qf6 18. Bxe7 Qxe7 19. Nf4 Rd6 20. Nd3 h6 21. Rc2 c5 22. dxc5 bxc5 23. b4 c4 24. Nf4 Rcd8 25. Ne2 Nd7 26. Nc3 Ndf6 27. h3 Nxc3 28. Rxc3 Ne4 29. Rcc1 Rg6 30. Qc2 Ng5 31. Nxg5 Qxg5 32. g3 h5 33. h4 Qe5 34. Kg2 Rgd6 35. Rd4 g6 36. Rcd1 Kh7 37. Qd2 f5 38. Rf4 Kg7 39. Qd4 Qxd4 40. Rfxd4 Kf6 41. Kf3 Ke5 42. Ke2 Rb8 43. Kd2 a5 44. Kc3 axb4+ 45. axb4 Ra8 46. b5 Ra4 47. f4+ Ke6 48. R4d2 Rd8 49. Rb1 Rb8 50. b6 Ra3+ 51. Kd4 Kd6 52. Rb5 Kc6 53. Rc5+ Kxb6 54. Rxd5 c3 55. Rc2 Kc6 56. Rc5+ Kd6 57. R2xc3 Rxc3 58. Rxc3 Rb4+ 59. Rc4 Rb1 60. e4 fxe4 61. Kxe4 Rb3 62. Rd4+ Ke6 63. Rd3 Rb1 1/2-1/2

[Event "Izhevsk Corporation Cup 5th"]
[Site "Izhevsk"]
[Date "2013.07.12"]
[Round "1"]
[White "Gajsin, Evgenij"]
[Black "Arzamastsev, Artur"]
[Result "1-0"]
[WhiteElo "2463"]
[BlackElo "2151"]
[PlyCount "63"]
[EventDate "2013.07.11"]
[EventType "swiss"]
[EventRounds "9"]
[EventCountry "RUS"]
[SourceTitle "EXT 2014"]
[Source "ChessBase"]
[SourceDate "2013.11.20"]
[SourceVersion "1"]
[SourceVersionDate "2013.11.20"]
[SourceQuality "1"]

1. e4 d6 2. d4 Nf6 3. Nc3 e5 4. Nf3 Nbd7 5. Bc4 Be7 6. 0-0 0-0 7. Re1 c6 8. a4 a5 9. h3 exd4 10. Nxd4 d5 11. exd5 Nb6 12. Bb3 Nbxd5 13. Nxd5 Nxd5 14. Bxd5 cxd5 15. Bf4 Ra6 16. Qd3 Bd7 17. b3 Re8 18. Rad1 Bf6 19. Rxe8+ Qxe8 20. Nb5 Re6 21. Kf1 Bxb5 22. Qxb5 Qxb5+ 23. axb5 d4 24. Re1 Rxe1+ 25. Kxe1 Bd8 26. Ke2 f6 27. Kd3 Kf7 28. Kxd4 Bb6+ 29. Kd5 Bxf2 30. Bc7 Be1 31. Kc5 Bf2+ 32. Kd6 1-0

[Event "Izhevsk Corporation Cup-A 4th"]
[Site "Izhevsk"]
[Date "2012.07.15"]
[Round "1"]
[White "Arzamastsev, Artur"]
[Black "Ovetchkin, Roman"]
[Result "0-1"]
[WhiteElo "2142"]
[BlackElo "2501"]
[PlyCount "84"]
[EventDate "2012.07.15"]
[EventType "swiss"]
[EventRounds "9"]
[EventCountry "RUS"]
[SourceTitle "EXT 2013"]
[Source "ChessBase"]
[SourceDate "2012.11.22"]
[SourceVersion "1"]
[SourceVersionDate "2012.11.22"]
[SourceQuality "1"]

1. d4 Nf6 2. c4 c5 3. d5 b5 4. cxb5 a6 5. bxa6 Bxa6 6. Nc3 g6 7. e4 Bxf1 8. Kxf1 d6 9. Nf3 Bg7 10. g3 0-0 11. Kg2 Nbd7 12. h3 Qb6 13. Re1 Ne8 14. Re2 Nc7 15. Bg5 h6 16. Bf4 g5 17. Be3 f5 18. exf5 Rxf5 19. Qc2 Raf8 20. Nd2 Qb7 21. Qb3 Qxb3 22. axb3 Nb6 23. b4 Nbxd5 24. bxc5 Bxc3 25. bxc3 Nxe3+ 26. fxe3 Rxc5 27. c4 Ra8 28. Ree1 Rxa1 29. Rxa1 Ne8 30. Kf3 Nf6 31. Ra4 Kf7 32. g4 Nd7 33. Ke4 Rc8 34. Ra7 Ne5 35. Ra4 Ke6 36. Rb4 Nxc4 37. Nxc4 Rxc4+ 38. Rxc4 d5+ 39. Kd4 dxc4 40. Kxc4 Ke5 41. Kd3 Kd5 42. e4+ Kc5 0-1

[Event "Izhevsk Corporation Cup-A 3rd"]
[Site "Izhevsk"]
[Date "2011.07.24"]
[Round "9"]
[White "Arzamastsev, Artur"]
[Black "Vorobjev, Dmitry"]
[Result "1/2-1/2"]
[WhiteElo "2165"]
[BlackElo "2202"]
[PlyCount "155"]
[EventDate "2011.07.15"]
[EventType "swiss"]
[EventRounds "9"]
[EventCountry "RUS"]
[SourceTitle "CBM 143 Extra"]
[Source "ChessBase"]
[SourceDate "2011.08.29"]
[SourceVersion "1"]
[SourceVersionDate "2011.08.29"]
[SourceQuality "1"]

1. d4 Nf6 2. c4 g6 3. Nc3 Bg7 4. e4 0-0 5. Nf3 d6 6. Be2 e5 7. Be3 Ng4 8. Bg5 f6 9. Bh4 g5 10. Bg3 Nh6 11. h3 exd4 12. Nxd4 f5 13. Nxf5 Nxf5 14. exf5 Bxf5 15. 0-0 Nc6 16. c5 dxc5 17. Qb3+ Kh8 18. Qxb7 Nd4 19. Bc4 c6 20. Qc7 Be6 21. Bxe6 Qxc7 22. Bxc7 Nxe6 23. Bd6 Rfd8 24. Rad1 Bd4 25. Bg3 Kg7 26. Rfe1 Kf7 27. Re4 Rd7 28. Rde1 Re8 29. Na4 Ng7 30. Rxe8 Nxe8 31. Rc1 Rd5 32. Kf1 Nf6 33. f3 Nd7 34. Rc2 Nb6 35. Nc3 Bxc3 36. Rxc3 Rd2 37. Rxc5 Rxb2 38. Ra5 Nd5 39. Rxa7+ Ke6 40. Bf2 Rb1+ 41. Be1 Nf4 42. Ra4 Nd3 43. Re4+ Kd5 44. g3 c5 45. a4 c4 46. a5 c3 47. a6 Nxe1 48. Ra4 Nc2+ 49. Ke2 Rb8 50. a7 Ra8 51. Kd3 Ne1+ 52. Kxc3 Nxf3 53. Kd3 Ne5+ 54. Ke3 Nc6 55. Kf3 h5 56. h4 g4+ 57. Kf4 Rxa7 58. Rxa7 Nxa7 59. Kg5 Ke4 60. Kxh5 Kf3 61. Kg6 Nc6 62. h5 Ne7+ 63. Kf6 Ng8+ 64. Kg7 Ne7 65. Kf6 Ng8+ 66. Kg7 Nh6 67. Kxh6 Kxg3 68. Kg7 Kf4 69. h6 g3 70. h7 g2 71. h8Q g1Q+ 72. Kh7 Qb1+ 73. Kg8 Qb3+ 74. Kh7 Qd3+ 75. Kg8 Qd5+ 76. Kh7 Qf5+ 77. Kg8 Qe6+ 78. Kh7 1/2-1/2

[Event "Izhevsk Corporation Cup-A 3rd"]
[Site "Izhevsk"]
[Date "2011.07.18"]
[Round "4"]
[White "Demianjuk, Alexander"]
[Black "Arzamastsev, Artur"]
[Result "1-0"]
[WhiteElo "2317"]
[BlackElo "2165"]
[PlyCount "75"]
[EventDate "2011.07.15"]
[EventType "swiss"]
[EventRounds "9"]
[EventCountry "RUS"]
[SourceTitle "CBM 143 Extra"]
[Source "ChessBase"]
[SourceDate "2011.08.29"]
[SourceVersion "1"]
[SourceVersionDate "2011.08.29"]
[SourceQuality "1"]

1. e4 c5 2. Nf3 d6 3. d4 cxd4 4. Nxd4 Nf6 5. Nc3 a6 6. Be3 Ng4 7. Bc1 Nf6 8. f3 e6 9. Be3 Be7 10. Qd2 Nc6 11. 0-0-0 b5 12. Kb1 Qc7 13. Bd3 Bd7 14. Rhe1 Ne5 15. Bg5 Nc4 16. Bxc4 Qxc4 17. Nf5 exf5 18. exf5 Bxf5 19. Rxe7+ Kxe7 20. Qxd6+ Ke8 21. Bxf6 gxf6 22. Re1+ Qe6 23. Rxe6+ fxe6 24. Qd4 Rd8 25. Qxf6 Rg8 26. g3 Rd2 27. a4 Rxc2 28. Ka2 Rxh2 29. Nd5 exd5 30. Qxf5 Rg2 31. Qh5+ Kf8 32. Qf5+ Ke7 33. Qe5+ Kf8 34. Qf6+ Ke8 35. Qe6+ Kf8 36. g4 Rh8 37. Qf5+ Ke8 38. Qe5+ 1-0

[Event "Izhevsk Corporation Cup-A 3rd"]
[Site "Izhevsk"]
[Date "2011.07.17"]
[Round "3"]
[White "Arzamastsev, Artur"]
[Black "Filipenko, Alexander V"]
[Result "1/2-1/2"]
[WhiteElo "2165"]
[BlackElo "2357"]
[PlyCount "123"]
[EventDate "2011.07.15"]
[EventType "swiss"]
[EventRounds "9"]
[EventCountry "RUS"]
[SourceTitle "CBM 143 Extra"]
[Source "ChessBase"]
[SourceDate "2011.08.29"]
[SourceVersion "1"]
[SourceVersionDate "2011.08.29"]
[SourceQuality "1"]

1. d4 d5 2. c4 c6 3. Nc3 Nf6 4. e3 e6 5. Qc2 Be7 6. Nf3 0-0 7. b3 c5 8. Bb2 cxd4 9. exd4 Nc6 10. Rd1 b6 11. Be2 Bb7 12. 0-0 Rc8 13. Ne5 Qc7 14. Qd2 Rfd8 15. cxd5 Nxe5 16. Nb5 Qb8 17. dxe5 Nxd5 18. Bd3 a6 19. Nd6 Bxd6 20. exd6 Qxd6 21. Be4 Qe7 22. Bxd5 Rxd5 23. Qe2 Qg5 24. Rxd5 Bxd5 25. f3 b5 26. Qe5 Qg6 27. Rc1 Rxc1+ 28. Bxc1 h6 29. Qe3 Qb1 30. Qd2 b4 31. Qb2 Qd3 32. Qd2 Qg6 33. Kf2 a5 34. Bb2 Qb1 35. Bd4 a4 36. Bc5 axb3 37. axb3 Qxb3 38. Bxb4 f6 39. Bc3 Qb1 40. Qe1 Qf5 41. Qd2 Kf7 42. Qd4 g5 43. Ke2 Qc2+ 44. Qd2 Qb3 45. Kf2 e5 46. h3 Qc4 47. Qe3 Kg6 48. Kg1 h5 49. Kf2 Bc6 50. Kg1 Bb5 51. Kh2 Kf5 52. Bd2 Bc6 53. Qc3 Qd5 54. Qe3 Ke6 55. Kg1 g4 56. hxg4 hxg4 57. Kf2 Kd7 58. Bb4 Kc8 59. Qc5 Qe6 60. Qf8+ Be8 61. Qc5+ Kb7 62. Qe7+ 1/2-1/2

[Event "Gornozavodsk op"]
[Site "Gornozavodsk"]
[Date "2010.11.07"]
[Round "8"]
[White "Arzamastsev, Artur"]
[Black "Smirnov, Alexey1111"]
[Result "0-1"]
[WhiteElo "2132"]
[BlackElo "2404"]
[PlyCount "68"]
[EventDate "2010.11.01"]
[EventType "swiss"]
[EventRounds "10"]
[EventCountry "RUS"]
[SourceTitle "EXT 2012"]
[Source "ChessBase"]
[SourceDate "2011.11.24"]
[SourceVersion "1"]
[SourceVersionDate "2011.11.24"]
[SourceQuality "1"]

1. d4 Nf6 2. c4 g6 3. Nc3 Bg7 4. e4 d6 5. Nge2 0-0 6. Ng3 c5 7. d5 e6 8. Be2 exd5 9. exd5 Re8 10. 0-0 Nbd7 11. f4 h5 12. Qc2 h4 13. Nh1 b5 14. cxb5 Nb6 15. Nf2 Nfxd5 16. Nxd5 Nxd5 17. Bf3 Bf5 18. Qd1 Nb4 19. Bxa8 Qxa8 20. Bd2 Nc2 21. Rc1 Nd4 22. Re1 Rxe1+ 23. Bxe1 h3 24. Nxh3 Bxh3 25. gxh3 Qe4 26. Bc3 Qe3+ 27. Kg2 Qe4+ 28. Kg1 Qxf4 29. Bxd4 Bxd4+ 30. Kg2 Qg5+ 31. Kf3 Be3 32. Rb1 Qf4+ 33. Kg2 Qe4+ 34. Kf1 d5 0-1

[Event "Izhevsk op-A"]
[Site "Izhevsk"]
[Date "2010.07.18"]
[Round "4"]
[White "Krutko, Anatoly"]
[Black "Arzamastsev, Artur"]
[Result "0-1"]
[WhiteElo "2417"]
[BlackElo "2132"]
[PlyCount "135"]
[EventDate "2010.07.15"]
[EventType "swiss"]
[EventRounds "9"]
[EventCountry "RUS"]
[SourceTitle "CBM 137 Extra"]
[Source "ChessBase"]
[SourceDate "2010.09.01"]
[SourceVersion "1"]
[SourceVersionDate "2010.09.01"]
[SourceQuality "1"]

1. e4 c5 2. Nf3 d6 3. Bb5+ Bd7 4. Bxd7+ Qxd7 5. 0-0 Nc6 6. Qe2 Nf6 7. Rd1 g6 8. c3 Bg7 9. d4 cxd4 10. cxd4 0-0 11. Nc3 Rac8 12. h3 d5 13. e5 Ne8 14. Nh2 Nc7 15. Be3 f6 16. f4 Na5 17. Rac1 Ne6 18. b3 f5 19. Qf3 Nc7 20. Bd2 Nc6 21. Be1 e6 22. Bh4 Na5 23. Qd3 Rf7 24. Nf3 Bf8 25. Ng5 Rg7 26. Ne2 Nc6 27. Be1 h6 28. Nf3 Ba3 29. Rb1 Nb4 30. Bxb4 Bxb4 31. g4 Kh7 32. Kg2 Nb5 33. Rbc1 a6 34. Nh2 Ba3 35. Rxc8 Qxc8 36. h4 Kh8 37. Kh3 Rc7 38. h5 Nc3 39. Rf1 Nxe2 40. Qxe2 Rc2 41. Qe1 Qc3+ 42. Qxc3 Rxc3+ 43. Rf3 fxg4+ 44. Kxg4 gxh5+ 45. Kxh5 Rxf3 46. Nxf3 Kg7 47. Kg4 Kf7 48. f5 exf5+ 49. Kxf5 Ke7 50. e6 Bd6 51. Nh4 Bg3 52. Ng6+ Ke8 53. Nh8 h5 54. Nf7 h4 55. Ng5 Ke7 56. Nh3 Bh2 57. Nf2 Bg1 58. Nh3 Bxd4 59. Nf4 Bc5 60. Ng6+ Kd6 61. Nxh4 d4 62. Nf3 Kd5 63. Ne5 Be7 64. Nd3 Bh4 65. Ne5 Be7 66. Nd3 Bh4 67. Nf4+ Kd6 68. Ke4 0-1

[Event "Izhevsk op-A"]
[Site "Izhevsk"]
[Date "2010.07.16"]
[Round "2"]
[White "Alavkin, Arseny Nailievich"]
[Black "Arzamastsev, Artur"]
[Result "1-0"]
[WhiteElo "2447"]
[BlackElo "2132"]
[PlyCount "65"]
[EventDate "2010.07.15"]
[EventType "swiss"]
[EventRounds "9"]
[EventCountry "RUS"]
[SourceTitle "CBM 137 Extra"]
[Source "ChessBase"]
[SourceDate "2010.09.01"]
[SourceVersion "1"]
[SourceVersionDate "2010.09.01"]
[SourceQuality "1"]

1. e4 c5 2. Nf3 d6 3. Bb5+ Bd7 4. Bxd7+ Qxd7 5. 0-0 Nc6 6. c3 Nf6 7. Re1 e6 8. d4 cxd4 9. cxd4 d5 10. e5 Ne4 11. Nbd2 Nxd2 12. Bxd2 Be7 13. Rc1 0-0 14. Rc3 a5 15. a3 a4 16. h4 Na5 17. Nh2 Nb3 18. Rg3 f5 19. exf6 Bxf6 20. Be3 e5 21. Ng4 e4 22. h5 Kh8 23. h6 g6 24. Rf1 Bh4 25. Rh3 Qe7 26. f3 Bg5 27. fxe4 dxe4 28. d5 Rxf1+ 29. Qxf1 Rf8 30. Qc4 Bxe3+ 31. Rxe3 Qc5 32. Qxe4 Qd6 33. Rxb3 1-0

[Event "Izhevsk op"]
[Site "Izhevsk"]
[Date "2009.07.22"]
[Round "8"]
[White "Arzamastsev, Artur"]
[Black "Sabaev, Evgueni"]
[Result "1-0"]
[WhiteElo "2132"]
[BlackElo "2270"]
[PlyCount "85"]
[EventDate "2009.07.15"]
[EventType "swiss"]
[EventRounds "9"]
[EventCountry "RUS"]
[SourceTitle "EXT 2010"]
[Source "ChessBase"]
[SourceDate "2010.11.25"]
[SourceVersion "1"]
[SourceVersionDate "2010.11.25"]
[SourceQuality "1"]

1. d4 e6 2. c4 f5 3. g3 Nf6 4. Bg2 c6 5. Nf3 d5 6. 0-0 Bd6 7. b3 Qe7 8. a4 a5 9. Ba3 Bxa3 10. Nxa3 b6 11. Qc1 0-0 12. Rd1 Bb7 13. Qb2 Na6 14. Rac1 Rac8 15. Ne5 Rfd8 16. cxd5 exd5 17. Nc2 c5 18. Ne1 Nb4 19. N1d3 Ba6 20. Nf4 Re8 21. Ned3 Bxd3 22. exd3 g5 23. Nh3 h6 24. Bf1 Nc6 25. dxc5 bxc5 26. Re1 Qd6 27. Rxe8+ Nxe8 28. Bg2 Nd4 29. Kf1 Nf6 30. Ng1 f4 31. Ne2 Nxe2 32. Qxe2 Rb8 33. Qc2 fxg3 34. hxg3 Rc8 35. d4 Kg7 36. dxc5 Qc6 37. Qc3 Qa6+ 38. Kg1 Kf7 39. Qd2 Qb7 40. Qxa5 Qxb3 41. c6 d4 42. Qb5 Qa3 43. Rd1 1-0

[Event "Izhevsk op"]
[Site "Izhevsk"]
[Date "2009.07.15"]
[Round "1"]
[White "Vokarev, Sergey"]
[Black "Arzamastsev, Artur"]
[Result "1-0"]
[WhiteElo "2517"]
[BlackElo "2132"]
[PlyCount "119"]
[EventDate "2009.07.15"]
[EventType "swiss"]
[EventRounds "9"]
[EventCountry "RUS"]
[SourceTitle "EXT 2010"]
[Source "ChessBase"]
[SourceDate "2010.11.25"]
[SourceVersion "1"]
[SourceVersionDate "2010.11.25"]
[SourceQuality "1"]

1. e4 c5 2. Nf3 d6 3. d4 cxd4 4. Nxd4 Nf6 5. f3 e5 6. Nb3 Be7 7. c4 0-0 8. Nc3 Nc6 9. Be3 Ne8 10. Qd2 Be6 11. Be2 h6 12. 0-0 Bg5 13. Rfd1 Bxe3+ 14. Qxe3 Qg5 15. Qxg5 hxg5 16. Rd2 a6 17. Rc1 Rb8 18. Nd5 b6 19. Kf2 f6 20. Bd1 Rf7 21. Na1 Rfb7 22. Rc3 Kf7 23. Nc2 Rc8 24. Be2 Nb8 25. Nce3 a5 26. Bd1 Nd7 27. Ba4 Nc5 28. Bb5 Bxd5 29. cxd5 Nc7 30. Bc6 Rbb8 31. Rdc2 Rd8 32. b3 b5 33. Ke2 N7a6 34. Rd2 Rb6 35. Nc2 b4 36. Rc4 Nb8 37. Ba4 Nba6 38. Bc6 Nb8 39. Ne3 Nxc6 40. dxc6 Rxc6 41. Nf5 g6 42. Nxd6+ Rcxd6 43. Rxd6 Rxd6 44. Rxc5 Ra6 45. Kd3 a4 46. bxa4 Rxa4 47. Rc2 Ra6 48. Kc4 Rc6+ 49. Kb3 Rb6 50. g4 Ke6 51. Rc4 Rd6 52. Kxb4 Rd2 53. a4 Rxh2 54. Rc6+ Ke7 55. a5 Rb2+ 56. Kc5 Rb3 57. a6 Rxf3 58. a7 Ra3 59. Kb6 f5 60. Kb7 1-0

[Event "Nizhnij Novgorod Dubinin Memorial 16th"]
[Site "Nizhnij Novgorod"]
[Date "2009.01.07"]
[Round "5"]
[White "Arzamastsev, Artur"]
[Black "Shadchnev, Nikolai"]
[Result "1/2-1/2"]
[WhiteElo "2215"]
[BlackElo "1915"]
[PlyCount "32"]
[EventDate "2009.01.03"]
[EventType "swiss"]
[EventRounds "9"]
[EventCountry "RUS"]
[SourceTitle "EXT 2010"]
[Source "ChessBase"]
[SourceDate "2010.11.25"]
[SourceVersion "1"]
[SourceVersionDate "2010.11.25"]
[SourceQuality "1"]

1. d4 b6 2. c4 Bb7 3. Nc3 e6 4. e4 Bb4 5. f3 Qh4+ 6. g3 Qf6 7. Bg2 c5 8. Be3 cxd4 9. Bxd4 e5 10. Be3 Bxc3+ 11. bxc3 Qc6 12. Bf1 Na6 13. Nh3 Nc5 14. Nf2 Na4 15. Qb3 Nc5 16. Qb5 Rc8 1/2-1/2

[Event "Nizhnij Novgorod Dubinin Memorial 16th"]
[Site "Nizhnij Novgorod"]
[Date "2009.01.03"]
[Round "1"]
[White "Arzamastsev, Artur"]
[Black "Agishev, Ruslan"]
[Result "1-0"]
[WhiteElo "2215"]
[BlackElo "1911"]
[PlyCount "71"]
[EventDate "2009.01.03"]
[EventType "swiss"]
[EventRounds "9"]
[EventCountry "RUS"]
[SourceTitle "EXT 2010"]
[Source "ChessBase"]
[SourceDate "2010.11.25"]
[SourceVersion "1"]
[SourceVersionDate "2010.11.25"]
[SourceQuality "1"]

1. d4 c5 2. d5 e5 3. e4 d6 4. Nc3 Nf6 5. g3 Be7 6. Bg2 0-0 7. Nge2 Na6 8. 0-0 Nc7 9. a4 b6 10. f4 Nd7 11. Kh1 a6 12. Ng1 Rb8 13. Nf3 Bf6 14. Bh3 b5 15. axb5 axb5 16. Bxd7 Bxd7 17. f5 b4 18. Ne2 Be7 19. g4 g5 20. Ng3 f6 21. h4 h6 22. Kg2 Kf7 23. Rh1 Rh8 24. Be3 Ra8 25. Rxa8 Nxa8 26. Qa1 Nb6 27. hxg5 hxg5 28. Rxh8 Qxh8 29. Qa7 Qd8 30. b3 Nc8 31. Qb7 Nb6 32. Nh5 Bc8 33. Qa7 Nd7 34. Ng3 Qb6 35. Qa1 Qd8 36. Nd2 1-0

[Event "Sukhumi op"]
[Site "Sukhumi"]
[Date "2008.08.03"]
[Round "1"]
[White "Arzamastsev, Artur"]
[Black "Kiselev, Vitaliy1111"]
[Result "0-1"]
[WhiteElo "2184"]
[BlackElo "2518"]
[PlyCount "115"]
[EventDate "2008.08.03"]
[EventType "swiss"]
[EventRounds "9"]
[EventCountry "GEO"]
[SourceTitle "CBM 126 Extra"]
[Source "ChessBase"]
[SourceDate "2008.11.05"]
[SourceVersion "1"]
[SourceVersionDate "2008.11.05"]
[SourceQuality "1"]

1. d4 Nf6 2. c4 c5 3. e3 b6 4. Nc3 Bb7 5. Nf3 e6 6. dxc5 bxc5 7. Be2 Be7 8. 0-0 0-0 9. b3 a6 10. Bb2 Qc7 11. Rc1 Rd8 12. h3 d6 13. Qc2 h6 14. Rfd1 Nbd7 15. Rd2 Kh8 16. Nh2 Rg8 17. Qd1 Rab8 18. Bf3 Bxf3 19. Nxf3 Nb6 20. Qc2 Qc6 21. e4 e5 22. Nh2 Rb7 23. Re1 Rgb8 24. Bc1 Ne8 25. Rd3 Nc7 26. Qd1 Ne6 27. Ng4 Bf8 28. Nd5 Nd4 29. Nge3 Nd7 30. Bd2 a5 31. Nf5 Nxf5 32. exf5 f6 33. Rg3 Nb6 34. Nxb6 Rxb6 35. Bxh6 Qe8 36. Bd2 a4 37. Re4 axb3 38. axb3 Kg8 39. Rh4 Qd7 40. Bh6 d5 41. cxd5 Rb4 42. Rhg4 Rxg4 43. Qxg4 Rb4 44. Qg6 Qf7 45. Qxf7+ Kxf7 46. Be3 Rxb3 47. Rg4 Rb1+ 48. Kh2 Rd1 49. Rc4 Rxd5 50. g4 Ke7 51. Kg2 Rd8 52. Kf3 Kd7 53. Ke4 Kc6 54. h4 Ra8 55. g5 Kb5 56. Kd3 Ra3+ 57. Rc3 c4+ 58. Kc2 0-1